Sultan Salahuddin Ayubi (Record no. 71497)

000 -LEADER
fixed length control field 00501nam a22001817a 4500
003 - CONTROL NUMBER IDENTIFIER
control field NUST - PNEC
005 - DATE AND TIME OF LATEST TRANSACTION
control field 20170116181201.0
008 - FIXED-LENGTH DATA ELEMENTS--GENERAL INFORMATION
fixed length control field 160111b xxu||||| |||| 00| 0 eng d
020 ## - INTERNATIONAL STANDARD BOOK NUMBER
International Standard Book Number -
040 ## - CATALOGING SOURCE
Transcribing agency LIBRARY
082 ## - DEWEY DECIMAL CLASSIFICATION NUMBER
Classification number 891.439 ASL
100 ## - MAIN ENTRY--PERSONAL NAME
9 (RLIN) 16481
Personal name Aslam Rahi
245 ## - TITLE STATEMENT
Title Sultan Salahuddin Ayubi
Statement of responsibility, etc. Aslam Rahi
260 ## - PUBLICATION, DISTRIBUTION, ETC.
Place of publication, distribution, etc. Lahore
Name of publisher, distributor, etc. Amaar Publications;
Date of publication, distribution, etc. 2015
300 ## - PHYSICAL DESCRIPTION
Extent 464 pages
650 ## - SUBJECT ADDED ENTRY--TOPICAL TERM
9 (RLIN) 15837
Topical term or geographic name entry element History of Sultan Salahuddin Ayubi
General subdivision General, Urdu Literature
942 ## - ADDED ENTRY ELEMENTS (KOHA)
Source of classification or shelving scheme
Koha item type Book
Holdings
Withdrawn status Lost status Source of classification or shelving scheme Materials specified (bound volume or other part) Damaged status Not for loan Permanent Location Current Location Shelving location Date acquired Source of acquisition Cost, normal purchase price Total Checkouts Full call number Barcode Date last seen Date last checked out Cost, replacement price Price effective from Koha item type
      Hardbound     Pakistan Navy Engineering College (PNEC) Pakistan Navy Engineering College (PNEC)   12/14/2015 Tawakkal Academy/Library Grant 500.00 7 891.439 ASL PNECLIB-032574 11/28/2016 11/07/2016 500.00 12/14/2015 Book
© 2023 Central Library, National University of Sciences and Technology. All Rights Reserved.